000 00340 a2200157 4500
001 18094
020 _a9788572383707
040 _cAnchieta - Bela Vista
100 _aGuimarĂ£es, Elvia
240 1 0 _aMuito prazer
_lpor
245 1 0 _aMuito prazer
300 _a16
362 0 _a2008
650 4 _aLiteratura infanto-juvenil
942 _cBK
999 _c18094
_d18094